|
|
|
|
| LEADER |
00000cam a2200000 a 4500 |
| 001 |
1/106675 |
| 008 |
150602s1978####gr | ||| |||| ||gre|| |
| 040 |
|
|
|a GR-MyUa
|b gre
|c GR-MyUa
|e AACR2
|
| 041 |
0 |
|
|a gre
|
| 082 |
7 |
|
|a 501
|2 (23)
|
| 100 |
1 |
|
|a Σταμάτης, Ευάγγελος Σ.
|
| 245 |
1 |
0 |
|a Ανάλεκτα /
|c Ευαγγέλου Σ. Σταμάτη.
|
| 260 |
|
|
|a Αθήναι :
|b [χ.ό],
|c 1978
|
| 300 |
|
|
|a 63 σ. :
|c 24 εκ.
|
| 500 |
|
|
|a Εις τον εκλεκτόν καθηγητήν κ. Παναγιώτην Μάγειραν τιμής ένεκεν Ευαγ. Σ. Σταμάτης.
|
| 650 |
|
0 |
|a Science
|x Philosophy.
|
| 852 |
|
|
|a INST
|b SAMOS
|c MAG
|e 20150602
|h 501 ΣΤΑ
|p 005300035063
|q 005300035063
|t BK
|y 0
|
| 970 |
|
|
|a Σιτζίμη
|b Γιασεμή
|z 02/06/2015
|